000 00869nas a2200313 4500
001 BR2017002143
003 BR-BrBNA
005 20231205131040.0
007 ta
008 230509b bl.|||p| |||| 00| 00por d
040 _aBR-BrBNA
_bpor
_cBiblioteca Nacional de Agricultura
041 _a(En)
072 _aL52
100 1 _aIbtisham, F.
100 1 _aAn, L.
100 1 _aLi, T.
100 1 _aNiu, Y.
100 1 _aXiao, M.
100 1 _aZhang, L.
100 1 _aJia, R.
245 1 _aGrowth patterns of two chinese native goose breeds
650 _aGANSO
650 _aCRESCIMENTO
650 _aGENETICA ANIMAL
650 _aCURVA DE CRESCIMENTO
773 0 _tBrazilian Journal of Poultry Science (Brazil)
_xISSN 1516-635X
_g(Apr-Jun 2017), v. 19(2) p. 203-210
_wBR2017002143
909 _a202311
_bLúcia
_c55
_dLúcia Elande
942 _2AGRIS
_n0
_cANA
999 _c252754
_d252754